00895cam a22002651 4500001001300000003000400013005001700017008004100034010001700075035002000092040002600112042001200138050001900150100001700169245013000186260004600316300004200362500006700404500003300471700002600504740003100530740003000561752002100591999001700612he 67001593 DLC20260227111449.0840307s1966 is a 000 0 heb  ahe 67001593  a(OCoLC)19160946 aDLCcMHdCUdCLUdDLC apremarc00aPJ5054.G35bF71 aGamzu, Yosi.10aZehirut-shavir =bFragile, handle with care : masaʻot ṿe-siyur bi-medinat Yiśraʼel... /cYosi Gamzu, Yaʻaḳov Shiloh. a[Tel Aviv] :bB. Tsʼeriḳover,c[1966?] a[80] p. :bill. (part col.) ;c29 cm. aOn cover: From Israel with a laugh; cartoons, satirical verse. aSome verses also in English.1 aShiloh, Jacob,d1937-0 aFragile, handle with care.0 aFrom Israel with a laugh. aIsraeldTel Aviv c32564d32564